000 00982nam a2200265 i 4500
003 DO-SdBNP
005 20250506114646.0
007 ta
008 250506s2005 dr 000 0 spa d
040 _aDO-SdBNP
_bspa
_cBNPHU
_erda
082 _axxx
_bB642m
_222
100 1 _aBlandino, Pedro D
_935835
_eautor
_4aut.
245 1 0 _aManual de extradición :
_banotado y ampliado /
_cPedro D. Blandino ; prólogo Donald Reid Cabral ; presentación Cristina Aguiar Quezada
250 _aSegunda edición
264 1 _aSanto Domingo :
_bSecretaría de Estado de Relaciones Exteriores,
_bEditora Centenario,
_c2005.
300 _a273 páginas
_c21 cm.
336 _atexto
_btxt
_2rdacontent
337 _asin mediación
_bn
_2rdamedia
338 _avolumen
_bnc
_2rdacarrier
590 _aInventariado, 2025/ YL
700 1 _aReid Cabral, Donald
_935836
_eprólogo
_4prol.
700 1 _aAguiar Quezada, Cristina
_epresentación
_4pres.
_978244
910 _aYLockward
942 _2ddc
_cLBS1
999 _c58939
_d58939